000 01240nam0a22002891 4500
001 rc\3441391
005 20260408074032.0
021 _aRU
_b73-32672
021 _aRU
_bРг7386-73
035 _a(NLR Aleph) 007568320
090 _a5376786
_c5376786
100 _a20130115d1973 |||y0rusy50 ca
101 0 _arus
102 _aRU
105 _ay z |||||
200 1 _aГигиеническая подготовка сельскохозяйственных кадров
_e(Метод. пособие)
_fРесп. дом сан. просвещения М-ва здрав. УзССР. Узб. науч.-исслед. ин-т санитарии, гигиены и профзаболеваний
210 _aТашкент
_cМедицина
_d1973
215 _a30 с.
_d20
300 _aВ вып. дан. сост.: А.А. Азимов
320 _aБиблиогр.: с. 29-30
702 1 _aАзимов
_bА.А.
_gАнвар Азимович
_4220
712 0 2 _aУзбекский республиканский дом санитарного просвещения
_cТашкент
_3RU\NLR\AUTH\8810065313
_9632219
801 0 _aRU
_bNLR
_gpsbo
801 1 _aRU
_bELAR
_2rusmarc
852 _aNLR
_j73-4/13215
942 _cBOOK
980 _aNB